000 01074nac a22003257a 4500
001 BR9102135
003 BR-BrBNA
005 20240105121202.0
008 230509b bl.|||m| |||| 00| 0 por d
040 _aBR-BrBNA
_bpor
_cBiblioteca Nacional de Agricultura
072 _aF30
090 _a1440 BR9102135
100 1 _aFernandes, J.B.
100 1 _aTorres Filho, J.
100 1 _aHolanda, J.S. de
100 1 _aBezerra Neto, F.
100 1 _aSilva, J.R. da
110 1 _aEmpresa de Pesquisa Agropecuaria do Rio Grande do Norte S.A., Natal (Brasil)
245 1 _aSelecao de linhagens de caupi, cultivar serrano, de elevado peso de grao
260 3 _aNatal, RN (Brasil):
_c1990.
300 _a15 p.
490 _aBoletim de Pesquisa - Empresa de Pesquisa Agropecuaria do Rio Grande do Norte S.A. (Brazil)
_vn. 20
_xISSN 0101-2975
500 _a10 ref.; Summary (Pt)
650 _aFEIJAO DE CORDA
650 _aLINHAGEM
650 _aSELECAO GENETICA
650 _aVARIEDADE
909 _a202312
_bLúcia Elande
_c55
_dLúcia Elande
942 _2AGRIS
_n0
_cMS
999 _c283803
_d283803